000 00707nam a2200241 a 4500
001 3417775
005 20180306075822.0
008 900321s1990 inua b 000 0 eng
010 _a 90061036
020 _a0873674464
040 _aDLC
_cDLC
041 _aeng
043 _an-us---
080 _a370.78073 CRU
082 0 0 _a370.78073 CRU
_220
100 1 _a25
101 _aEDU
245 1 0 _aResearch that informs teachers and teacher educators /
_cby Donald R. Cruickshank.
504 _aIncludes bibliographical references.
906 _a7
_bcbc
_corignew
_d2
_eopcn
_f19
_gy-gencatlg
942 _2ddc
_cBK
999 _c44197
_d44197